Statistics for Flags with Uncommon Ratios

Click here to take the quiz!

General Stats

  • This quiz has been taken 31 times
  • The average score is 6 of 9

Answer Stats

RatioCountry% Correct
≈ 5000000000 : 4101687939Nepal
97%
1 : 1Switzerland
93%
13 : 15Belgium
76%
Vatican City
62%
4 : 5Monaco
59%
11 : 28Qatar
52%
2 : 3.23607Togo
52%
189 : 335El Salvador
41%
6 : 7Niger
41%

Score Distribution

Percentile by Number Answered

Percent of People with Each Score

Your Score History

You have not taken this quiz